Parcours politique - Manuel Valls - Statistiques

Statistiques générales
  • Ce quiz a été pris 48 fois
  • Le résultat moyen est 7 sur 12
Statistiques - réponses
Groupe Réponses Date % Correct
Mandats ministériels Valls IValls II Premier ministre 2014-2016
89%
Mandats ministériels BayrouLecornu I Outre-mer 2024-2025
87%
Parcours partisan Secrétaire national Parti socialiste 1993-19941995-1997 2003-2004
87%
Mandats ministériels Ayrault IAyrault II Intérieur 2012-2014
83%
Mandats locaux Conseiller municipal* Barcelone 2019-2021
60%
Mandats locaux Maire Evry 2001-2012
57%
Mandats locaux Président de la communauté d'agglomération Evry Centre Essonne 2008-2012
57%
Mandats locaux Conseiller régional Île-de-France 1986-19922002
55%
Mandats législatifs Député Essonne 2002-20122017-2018
47%
Mandats locaux Conseiller communautaire Grand Paris Sud 2012-2018
38%
Parcours partisan Président* Barcelona pel Canvi 2019-2021
6%
Mandats locaux Adjoint Argenteuil 1989-1998
4%
Aucun quiz correspondant
Distribution des résultats
% des personnes avec chaque résultat
Percentile par nombre de réponses
Votre historique - résultats
Vous n’avez pas pris ce quiz